Fixing regional regeneration disparity (Record no. 117398)
[ view plain ]
| 000 -LEADER | |
|---|---|
| fixed length control field | 01201cam a2200217 4500 |
| 001 - CONTROL NUMBER | |
| control field | WB4020-15 |
| 008 - FIXED-LENGTH DATA ELEMENTS--GENERAL INFORMATION | |
| fixed length control field | 040525n2004 000 0 eng u |
| 035 ## - SYSTEM CONTROL NUMBER | |
| System control number | (Sirsi) u126288 |
| 245 ## - TITLE STATEMENT | |
| Title | Fixing regional regeneration disparity |
| 260 ## - PUBLICATION, DISTRIBUTION, ETC. | |
| Date of publication, distribution, etc. | 2004 |
| 490 ## - SERIES STATEMENT | |
| Series statement | Planning (for the Natural and Built Environment) |
| Volume/sequential designation | (1570) 21 May 2004, 5(1) |
| 520 ## - SUMMARY, ETC. | |
| Summary, etc. | "Social cohesion", a report by the ODPM housing, planning, local government and the regions committee, recommends that regeneration schemes should tackle needs across districts rather than target small local areas and a spending balance should be set between the two. The study also finds that local authorities need greater incentives to break down barriers between communities and advises that local strategic partnerships could play a key role in co-ordinating initiatives to promote social cohesion. The report is available at http://www.publications.parliament.uk/pa/cm200304/ cmselect/cmodpm/45/45.pdf |
| 590 ## - LOCAL NOTE (RLIN) | |
| Local note | WB |
| 590 ## - LOCAL NOTE (RLIN) | |
| Local note | WB |
| 650 ## - SUBJECT ADDED ENTRY--TOPICAL TERM | |
| Topical term or geographic name entry element | LOCAL STRATEGIC PARTNERSHIPS |
| 650 ## - SUBJECT ADDED ENTRY--TOPICAL TERM | |
| Topical term or geographic name entry element | SOCIAL COHESION |
| 650 ## - SUBJECT ADDED ENTRY--TOPICAL TERM | |
| Topical term or geographic name entry element | REGIONAL DEVELOPMENT AGENCIES |
| 650 ## - SUBJECT ADDED ENTRY--TOPICAL TERM | |
| Topical term or geographic name entry element | REGIONAL DIFFERENCES |
| 690 ## - LOCAL SUBJECT ADDED ENTRY--TOPICAL TERM (OCLC, RLIN) | |
| Topical term or geographic name as entry element | REGENERATION |
| 942 ## - ADDED ENTRY ELEMENTS (KOHA) | |
| Suppress in OPAC | 0 |
| Withdrawn status | Lost status | Source of classification or shelving scheme | Damaged status | Not for loan | Home library | Current library | Shelving location | Date acquired | Total Checkouts | Full call number | Barcode | Date last seen | Copy number | Price effective from | Koha item type |
|---|---|---|---|---|---|---|---|---|---|---|---|---|---|---|---|
| Dewey Decimal Classification | London | London | News article | 25/05/2004 | WB4020-15 | 126288-1001 | 06/08/2019 | 1 | 06/08/2019 | News article |